000 00682nam a2200205 4500
001 36793
003 BD-RjUL
005 20211209052537.0
008 140906s1964 bg |||| ||| 000 0cben d
035 _a(BD-RjUL)36895
040 _aBD-RjUL
_bben
_cBD-RjUL
041 _aben
100 _aআহমদ, বেগম জেবু
_9112232
245 _aস্মরণী্‌য় বরণীয় /
_cবেগম জেবু আহমদ,
260 _aঢাকা :
_bবাংলা একাডেমী,
_c১৯৬৪
300 _a[২],১০৬পৃ.;
_c২২ সেমি.
650 _aজীবনী
_9112233
650 _aBiography
_9112234
942 _2ddc
_cBK
999 _c36793
_d36793